01111nam a2200193Ia 4500003000400000005001700004008004100021040002100062041000800083082002400091100003700115245008100152260006900233300003000302500007300332505046200405650002600867650002400893OSt20210819153233.0210310t1960 eu gr 001 0 eng d aCO-JMCRcCO-JMCR0 aeng04a336.04 /bB918f2231 aBuchanan, James M., ecompilador10aFiscal theory and political economy / cselected essays by James M. Buchanan aChapel Hill : bThe University of North Carolina Press, c©1960 a197 páginas ; c23 cm. aIncluye notas a pie de página e índice de autores y de materias.0 aThe Pure Theory of Government Finance: A Suggested Approach -- "La scienza delle finanze": The Italian Tradition in Fiscal Theory -- Social Choice, Democracy, and Free Markets -- Individual Choice in Voting and the Market -- Positive Economics, Welfare Economics, and Political Economy -- The Methodology of Incidence Theory: A Critical Review of Some Recent Contributions -- Comparative Tax Analysis and Economic Methodology -- Federalism and Fiscal Equity14aCiencias económicas24aFinanzas públicas